000 00591cam a22002053a 4500
001 39544
003 PGUSA
005 20140828083858.0
008 120427s2012||||xxu|||||s|||||000 | eng d
040 _aPGUSA
_beng
042 _adc
100 1 _aLeahy, W. A.
_q(William Augustine)
245 1 4 _aThe Incendiary :
_bA Story of Mystery
_h[electronic resource] /
_cW. A. Leahy
260 _bProject Gutenberg,
_c2012
506 _aPublic domain in the USA.
516 _aElectronic text
830 0 _aProject Gutenberg
_v39544
856 4 0 _uhttp://www.gutenberg.org/ebooks/39544
942 _cEB
999 _c268797
_d268797